000 01931nam a22004577a 4500
003 AR-RoUNA
005 20250911114413.0
008 250508b |||||||| |||| 00| 0 spa d
020 _a987-22621-3-6
040 _aAR-RoUNA
_bspa
_dAR-RoUNA
041 _aspa
044 _aag
100 _aLoomis, Andrew
_927133
245 1 3 _aEl dibujo de figura en todo su valor /
_cAndrew Loomis
250 _a1a. ed.
260 _aBuenos Aires :
_bLancelot,
_c2005.
300 _a208 p.:
_bdib.
_c30x22 cm
505 0 _tINDICE
505 0 _tCHARLA PRELIMINAR. p.15
505 0 _tI- INTRODUCCION AL DIBUJO DE FIGURA. p.21
505 0 _tII- HUESOS Y MUSCULOS. p.57
505 0 _tIII- EMBLOCAMIENTO DE FORMAS, PLANOS, ESCORZAMIENTO E ILUMINACION. p.68
505 0 _tIV- DIBUJANDO LA FIGURA VIVA: METODOS DE PRECESAMIENTO. p.82
505 0 _tV- LA FIGURA DE PIE. p.91
505 0 _tVI- LA FIGURA EN ACCION: GIROS Y CONTORSIONES. p.103
505 0 _tVII- MOVIMIENTO DE AVANCE: LA LINEA DE EQUILIBRIO INCLINADA. p.115
505 0 _tVIII- EQUILIBRIO, RITMO, EJECUCION. p.129
505 0 _tIX- LA FIGURA ARRODILLADA, AGACHADA Y SENTADA. p.145
505 0 _tX- LA FIGURA RECLINADA. p.159
505 0 _tXI- LA CABEZA, MANOS Y PIES. p.171
505 0 _tXII- LA FIGURA COMPLETA CON INDUMENTARIA ESPECIAL. p.189
520 0 _a"El Dibujo de Figura en Todo su Valor" de Andrew Loomis, es un documento de referencia para artistas y estudiantes de arte que buscan mejorar sus habilidades en el dibujo de figuras humanas. El libro explora los principios fundamentales de la construcción de figuras, incluyendo proporciones, perspectiva, anatomía y composición.
650 4 _aDibujos
_vIlustraciones
650 4 _aFiguras humanas
650 4 _aExpresionismo
908 _aImp
930 _e12196
942 _2ddc
_cLIB
945 _d2025-05-08
980 _65
_aMaría Machado
_85
_gMaría Machado
999 _c12109
_d12109